000 00478nam a2200181Ia 4500
003 IN-BaIIA
008 211028s9999 xx 000 0 eng d
040 _cIIA Library
080 _a52
_bGAU
100 _aJ. Gauzit
_94768
245 0 _aLes grands problems of L'astronomie
_cGauzit J.
260 _aParis
_bDunod
_c1957
300 _avi, 184p.
490 _aLes heures scientifiques
650 _aAstronomy
_980
650 _aAstronomy and astrophysics thesaurus
942 _cBK
999 _c2672
_d2672